000 00287nam a22001337a 4500
008 170524b xxu||||| |||| 00| 0 eng d
020 _a0905451333
041 _aeng
080 _a62
100 _a26
101 _aIM
245 _aENGINEERING SOFTWARE IV
_cADEY, R.A
942 _2udc
_cBK
999 _c13999
_d13999